Score 0/23 Timer 05:00
0 Plays Today
Vowel-less Country % Correct
CXMMexico
95.8%
CMJJamaica
94.2%
MNPPanama
94%
DNCCanada
93.6%
SRDNHHonduras
93%
SMHBBahamas
93%
ZLBBelize
92.8%
BCCuba
92.6%
CLBPR NCNMDDominican Republic
92.6%
THHaiti
92.1%
SDBRBBarbados
91.5%
CR TSCCosta Rica
91.4%
Vowel-less Country % Correct
RDVLS LEl Salvador
91.4%
LMTGGuatemala
91.1%
GBT DN DDNRTTrinidad and Tobago
90.2%
GRCNNicaragua
89.4%
CNMDDominica
88.7%
SNDNRG HT DN TNCNV TNSSaint Vincent and the Grenadines
88.6%
SVN DN STTK TNSSaint Kitts and Nevis
87.9%
DNRGGrenada
87.8%
CL TNSSaint Lucia
86.5%
STTS DTNUnited States
82%
DBRB DN GTNAntigua and Barbuda
75%
Remove Ads.
Support Sporcle.
Get the best of Sporcle when you Go Orange. This ad-free experience offers more features, more stats, and more fun while also helping to support Sporcle. Thank you for becoming a member.

You're not logged in!

Compare scores with friends on all Sporcle quizzes.
OR
Log In

Show Comments

Extras

Top Quizzes Today


Score Distribution

Your Account Isn't Verified!

In order to create a playlist on Sporcle, you need to verify the email address you used during registration. Go to your Sporcle Settings to finish the process.

Report this User

Report this user for behavior that violates our Community Guidelines.

Details: